000 00606nam a2200229 i 4500
001 C2-0074587
003 PPAK
005 20180727081128.0
008 970429s1984 xxc |||| ||||| | eng d
020 _a0553050648
040 _aPPAK
_beng
_cPPAK
_erda
082 0 4 _a972.84052
_223
090 0 0 _a972.84052
_bCLE
_dG
100 1 _aClements, Charles,
_eauthor
245 1 0 _aWitness to war
264 1 _aToronto, Canada :
_bBantam Books ,
_c1984
300 _axii, 268 pages ;
_c24 cm
336 _2rdacontent
_atext
337 _2rdamedia
_aunmediated
338 _2rdacarrier
_avolume
942 _ddc
_cB
999 _c10703
_d10703